000 00515nam a2200169Ia 4500
003 IN-BaIIA
008 211028s9999 xx 000 0 eng d
040 _cIIA Library
080 _a058:6
_bBAN
100 _aBook Paradise
_923065
245 0 _aBangalore information technology directory
_cBook Paradise
260 _aBangalore
_bBook Paradise
_c1999
300 _axxii, 242p.
650 _aDirectory
_9567
650 _aInformational technology
_923066
942 _cBK
999 _c13092
_d13092